| 000 | 00580cab a2200229 4500 | ||
|---|---|---|---|
| 001 | WB3325-31 | ||
| 008 | 090401t1997 xxu||||| |||| 00| 0 eng d | ||
| 035 | _a(Sirsi) u79160 | ||
| 041 | _aeng | ||
| 245 | _aCommon land | ||
| 260 | _c1997 | ||
| 350 | _a0 | ||
| 490 |
_aTimes _v23 June 1997, 2(1) |
||
| 520 | _aThe High Court has ruled that the National Trust has the right to fence its common land. | ||
| 650 | _aCOMMON LAND | ||
| 650 | _aFENCING | ||
| 650 | _aNATIONAL TRUST | ||
| 650 | _aOPEN SPACES SOCIETY | ||
| 690 | _aLAND | ||
| 942 | _n0 | ||
| 948 | _c24/06/1997 | ||
| 999 |
_c49756 _d49756 |
||